Statistics for places in their native Celtic languages

Click here to take the quiz!

General Stats

  • This quiz has been taken 519 times
  • The average score is 10 of 18

Answer Stats

Places in their Celtic namein English% Correct
ÉireIreland
100%
CymruWales
89%
GlaschuGlasgow
80%
AlbaScotland
72%
CaerdyddCardiff
69%
CorcaighCork
64%
Baile Átha ChliathDublin
62%
BreizhBrittany
53%
GaillimhGalway
53%
Ellan Vannin or ManninIsle of man
53%
KernowCornwall
50%
LuimneachLimerick
49%
Béal FeiristeBelfast
48%
Inbhir NisInverness
44%
WrecsamWrexham
36%
Dún ÉideannEdinburgh
35%
AbertaweSwansea
20%
KemperQuimper
16%

Score Distribution

Percentile by Number Answered

Percent of People with Each Score

Your Score History

You have not taken this quiz